000 00436nam a2200121Ia 4500
008 220216s9999 xx 000 0 und d
100 _aJacob J
245 0 _aRecent innovations in latex master-batch and devulcanisation technology
260 _bNational Rubber Conference, 30 September-1st October 2019, All India Rubber Industries Association, Mumbai, India.
650 _aDevulcanisation
650 _aLatex masterbatch
942 _cBS
999 _c51445
_d51445